|
|
|
|
| LEADER |
00688nab a2200181 i 4500 |
| 001 |
misc26980 |
| 005 |
20191111110340.0 |
| 008 |
170920s1966 hu o 0|| zxx d |
| 040 |
|
|
|a SZTE Miscellanea Repozitórium
|b hun
|
| 041 |
|
|
|a zxx
|
| 100 |
1 |
|
|a Bara Dénes
|
| 245 |
1 |
0 |
|a Sulfhydryl- és disulfid-csoportok histochemiai vizsgálata a supraopticus és paraventricularis neuronok működési ciklusában
|h [elektronikus dokumentum] /
|c Bara Dénes
|
| 260 |
|
|
|c 1966
|
| 300 |
|
|
|a 361-373
|
| 490 |
0 |
|
|a Kolligátum
|
| 695 |
|
|
|a Kísérleti állatok, Hisztokémia, Hormonok
|
| 700 |
0 |
2 |
|a B.-né Szabó Éva
|e aut
|
| 856 |
4 |
0 |
|u http://misc.bibl.u-szeged.hu/26980/1/019_023_361-373.pdf
|z Dokumentum-elérés
|